[Event "Londrina op U2200 1st"]
[Site "Londrina"]
[Date "2019.03.03"]
[Round "5"]
[White "Moura de Lima, Wilian Rither De"]
[Black "Ramazzotte, Maicon Zilli"]
[Result "1-0"]
[WhiteElo "2151"]
[BlackElo "1501"]
[PlyCount "69"]
[EventDate "2019.03.01"]
[EventType "swiss"]
[EventRounds "5"]
[EventCountry "BRA"]
[SourceTitle "EXT 2020"]
[Source "ChessBase"]
[SourceDate "2019.10.17"]
[SourceVersion "1"]
[SourceVersionDate "2019.10.17"]
[SourceQuality "1"]

1. e4 c5 2. c3 Nc6 3. d4 cxd4 4. cxd4 d6 5. Nc3 g6 6. Be3 Bg7 7. Nf3 Bg4 8. Be2 e6 9. 0-0 Nge7 10. Qd2 0-0 11. Rad1 d5 12. e5 Rc8 13. h3 Bxf3 14. Bxf3 Nf5 15. a3 Nxe3 16. Qxe3 Na5 17. Be2 a6 18. Na4 Re8 19. Nc5 Bf8 20. b4 Bxc5 21. bxc5 Nc6 22. Rb1 Rc7 23. Rb6 Qe7 24. Rfb1 Kg7 25. Qf4 f6 26. exf6+ Qxf6 27. Qxc7+ Re7 28. Qd6 Nxd4 29. Bg4 h5 30. Rxb7 Rxb7 31. Rxb7+ Kh6 32. Qc7 hxg4 33. Qh7+ Kg5 34. h4+ Kf5 35. Rf7 1-0

[Event "Londrina op U2200 1st"]
[Site "Londrina"]
[Date "2019.03.03"]
[Round "4"]
[White "Silva, Lucas Henrique Da"]
[Black "Moura de Lima, Wilian Rither De"]
[Result "1-0"]
[WhiteElo "2173"]
[BlackElo "2151"]
[PlyCount "137"]
[EventDate "2019.03.01"]
[EventType "swiss"]
[EventRounds "5"]
[EventCountry "BRA"]
[SourceTitle "EXT 2020"]
[Source "ChessBase"]
[SourceDate "2019.10.17"]
[SourceVersion "1"]
[SourceVersionDate "2019.10.17"]
[SourceQuality "1"]

1. d4 c6 2. c4 d5 3. Nf3 e6 4. Qc2 Bd6 5. g3 f5 6. Bg2 Nf6 7. 0-0 0-0 8. b3 Qe7 9. Nc3 Ne4 10. Bb2 Nd7 11. Nd2 a5 12. Ndxe4 fxe4 13. f3 exf3 14. Bxf3 Qg5 15. e4 dxc4 16. e5 Bc7 17. Rae1 Bb6 18. Ne4 Qe7 19. Qxc4 Nxe5 20. Qe2 Nxf3+ 21. Rxf3 Rxf3 22. Qxf3 Bd7 23. Qe3 Rf8 24. Nc5 Bc8 25. Bc3 Bc7 26. Nxe6 Bxe6 27. Qxe6+ Qxe6 28. Rxe6 Kf7 29. Re3 Rd8 30. Kf2 b5 31. Ke2 Bb6 32. Re4 b4 33. Bb2 Rd5 34. Kd3 Bd8 35. Kc4 Bf6 36. a3 Be7 37. axb4 Bxb4 38. Bc1 g5 39. h4 h6 40. hxg5 hxg5 41. g4 Rb5 42. Re5 Rxe5 43. dxe5 Ke6 44. Kd4 Be7 45. Bd2 c5+ 46. Ke4 Bd8 47. Bc3 Bc7 48. Bb2 Bb6 49. Ba3 Bc7 50. Bc1 Bxe5 51. Bxg5 Bb2 52. Bd2 c4 53. bxc4 a4 54. Kd3 Kd6 55. Bb4+ Ke6 56. Kc2 Bf6 57. Kb1 Bd8 58. Bc3 Bb6 59. Ka2 Kd6 60. g5 Be3 61. g6 Bh6 62. Bd4 Ke6 63. Ka3 Bf4 64. Kxa4 Bd2 65. Kb5 Bh6 66. Kb6 Bf4 67. c5 Ke7 68. c6 Kd8 69. g7 1-0

[Event "Londrina op U2200 1st"]
[Site "Londrina"]
[Date "2019.03.02"]
[Round "2"]
[White "Moura de Lima, Wilian Rither De"]
[Black "Ramazzotte, Adriano"]
[Result "1-0"]
[WhiteElo "2151"]
[BlackElo "1404"]
[PlyCount "95"]
[EventDate "2019.03.01"]
[EventType "swiss"]
[EventRounds "5"]
[EventCountry "BRA"]
[SourceTitle "EXT 2020"]
[Source "ChessBase"]
[SourceDate "2019.10.17"]
[SourceVersion "1"]
[SourceVersionDate "2019.10.17"]
[SourceQuality "1"]

1. e4 e5 2. Nf3 Nc6 3. Nc3 Nf6 4. d4 exd4 5. Nxd4 Bb4 6. Nxc6 bxc6 7. Bd3 d5 8. exd5 cxd5 9. 0-0 0-0 10. h3 c6 11. Qf3 Bd6 12. Ne2 c5 13. Bf4 Be6 14. Rad1 Rc8 15. c3 Qb6 16. Bxd6 Qxd6 17. Rfe1 Qb6 18. b3 Qa5 19. Bb1 Qb6 20. Nf4 Rcd8 21. Re5 h6 22. Rde1 Rd6 23. Qe2 Re8 24. Qc2 Qd8 25. Nh5 Nxh5 26. Qh7+ Kf8 27. Rxh5 Qf6 28. Rhe5 a5 29. Qd3 g6 30. Qb5 d4 31. Qxc5 Red8 32. cxd4 Kg7 33. Rd1 Rd5 34. Rxd5 Rxd5 35. Qc3 Rg5 36. Qe3 Bd5 37. Be4 Be6 38. d5 Bd7 39. f4 Rh5 40. Qd4 Rh4 41. Qxf6+ Kxf6 42. Rf1 g5 43. fxg5+ Kxg5 44. Bd3 f6 45. Re1 Rd4 46. Bc4 Bf5 47. Re2 Bd3 48. Rd2 1-0

[Event "Sao Paulo op-A 6th"]
[Site "Sao Paulo"]
[Date "2017.04.16"]
[Round "5"]
[White "Bueno Filho, Julio Silvio de S"]
[Black "Moura de Lima, Wilian Rither De"]
[Result "0-1"]
[WhiteElo "2101"]
[BlackElo "2164"]
[PlyCount "82"]
[EventDate "2017.04.14"]
[EventType "swiss"]
[EventRounds "6"]
[EventCountry "BRA"]
[SourceTitle "CBM 178 Extra"]
[Source "ChessBase"]
[SourceDate "2017.06.22"]
[SourceVersion "1"]
[SourceVersionDate "2017.06.22"]
[SourceQuality "1"]

1. d4 d5 2. c4 e6 3. Nc3 c6 4. e3 Bd6 5. Nf3 f5 6. Bd3 Nf6 7. Qe2 0-0 8. Bd2 Ne4 9. 0-0-0 Nd7 10. h3 Ndf6 11. Ne5 Qc7 12. Nxe4 fxe4 13. Bc2 Bxe5 14. dxe5 Nd7 15. Bb4 Rf5 16. Bd6 Qa5 17. f4 Qxa2 18. Kd2 Qa5+ 19. b4 Qd8 20. g4 Rf7 21. h4 Nb6 22. Bb3 dxc4 23. Bxc4 Nd5 24. Kc2 a5 25. Ra1 Qb6 26. Bxd5 cxd5 27. Qd2 Bd7 28. Rxa5 Ba4+ 29. Kc1 Rxa5 30. bxa5 Qb3 31. Re1 Rd7 32. Qb2 Qd3 33. Qd2 Qb5 34. Qb4 Rc7+ 35. Kb2 Rc2+ 36. Ka1 Qd3 37. Qa3 Qc4 38. Rb1 d4 39. Bb4 dxe3 40. Rd1 Bd7 41. Rxd7 Qf1+ 0-1

[Event "Sao Paulo op-A 6th"]
[Site "Sao Paulo"]
[Date "2017.04.16"]
[Round "6"]
[White "Moura de Lima, Wilian Rither De"]
[Black "Luz, Arthur Nader"]
[Result "1/2-1/2"]
[WhiteElo "2164"]
[BlackElo "2137"]
[PlyCount "87"]
[EventDate "2017.04.14"]
[EventType "swiss"]
[EventRounds "6"]
[EventCountry "BRA"]
[SourceTitle "CBM 178 Extra"]
[Source "ChessBase"]
[SourceDate "2017.06.22"]
[SourceVersion "1"]
[SourceVersionDate "2017.06.22"]
[SourceQuality "1"]

1. e4 g6 2. d4 c6 3. Nf3 Bg7 4. Bd3 d6 5. h3 Nd7 6. Be3 Ngf6 7. Nc3 0-0 8. Qd2 a6 9. a4 a5 10. 0-0 e5 11. Rfe1 Re8 12. Rad1 Qe7 13. Bc4 Nf8 14. dxe5 dxe5 15. Ng5 Be6 16. Nxe6 Nxe6 17. Bxe6 Qxe6 18. Qd6 Bf8 19. Qxe6 Rxe6 20. Rd3 Bb4 21. Bg5 Kg7 22. g3 h6 23. Bd2 Re7 24. Nb1 Bxd2 25. Nxd2 Nd7 26. Nb3 Nf8 27. Kg2 Ne6 28. Red1 Kf8 29. h4 Ke8 30. Rd6 Rc7 31. c3 Ke7 32. R6d2 Ra7 33. Rd3 b6 34. Kf3 Rd7 35. Ke3 h5 36. R3d2 Rxd2 37. Rxd2 Rd7 38. Rxd7+ Kxd7 39. f4 f6 40. fxe5 fxe5 41. Kd3 Kd6 42. Kc4 Nc7 43. Kd3 Ne6 44. Kc4 1/2-1/2

[Event "Sao Paulo op-A 6th"]
[Site "Sao Paulo"]
[Date "2017.04.15"]
[Round "3"]
[White "Nogueira, Ivan Kuhlmann"]
[Black "Moura de Lima, Wilian Rither De"]
[Result "1/2-1/2"]
[WhiteElo "2275"]
[BlackElo "2164"]
[PlyCount "46"]
[EventDate "2017.04.14"]
[EventType "swiss"]
[EventRounds "6"]
[EventCountry "BRA"]
[SourceTitle "CBM 178 Extra"]
[Source "ChessBase"]
[SourceDate "2017.06.22"]
[SourceVersion "1"]
[SourceVersionDate "2017.06.22"]
[SourceQuality "1"]

1. g3 d5 2. Bg2 c6 3. d3 Nf6 4. Nf3 Bg4 5. Nbd2 Nbd7 6. 0-0 e6 7. e4 Be7 8. Qe1 0-0 9. h3 Bh5 10. Nd4 dxe4 11. dxe4 Nc5 12. Qe3 Re8 13. b3 Bg6 14. Bb2 Qc7 15. Ne2 e5 16. Nc4 Nfd7 17. a4 a5 18. h4 f6 19. Kh2 Bf8 20. f3 Bf7 21. Qc3 Ne6 22. Ba3 Bxa3 23. Nxa3 Nb6 1/2-1/2

[Event "Sao Paulo op-A 6th"]
[Site "Sao Paulo"]
[Date "2017.04.14"]
[Round "1"]
[White "Moura de Lima, Wilian Rither De"]
[Black "Ferreira, Oscar Luiz Vieira"]
[Result "1-0"]
[WhiteElo "2164"]
[BlackElo "1942"]
[PlyCount "95"]
[EventDate "2017.04.14"]
[EventType "swiss"]
[EventRounds "6"]
[EventCountry "BRA"]
[SourceTitle "CBM 178 Extra"]
[Source "ChessBase"]
[SourceDate "2017.06.22"]
[SourceVersion "1"]
[SourceVersionDate "2017.06.22"]
[SourceQuality "1"]

1. e4 e6 2. d4 d5 3. e5 c5 4. c3 Nc6 5. Nf3 a6 6. Bd3 b6 7. 0-0 Nge7 8. Bg5 Qd7 9. Re1 Ng6 10. h4 cxd4 11. cxd4 Nb4 12. Bf1 h6 13. Bd2 Be7 14. h5 Nf8 15. Nc3 Nh7 16. Rc1 0-0 17. a3 Nc6 18. Bd3 Ng5 19. Nxg5 hxg5 20. Qg4 f5 21. exf6 Bxf6 22. Be3 Qd8 23. h6 gxh6 24. Qh5 Bg7 25. Qg6 Rf6 26. Qh7+ Kf7 27. Be2 Ne7 28. Bh5+ Kf8 29. Ne2 e5 30. Rxc8 Qxc8 31. dxe5 Rc6 32. Nd4 Rc4 33. e6 Ra7 34. Bf7 Rxd4 35. Bxd4 Bxd4 36. Qxh6+ Bg7 37. Qxg5 Nc6 38. Qxd5 Bxb2 39. Re4 Ke7 40. Rh4 Qd8 41. Qxc6 Rc7 42. Qf3 Rc1+ 43. Kh2 Be5+ 44. g3 Qd1 45. Qxd1 Rxd1 46. Re4 Kf6 47. Rxe5 Kxe5 48. e7 1-0

[Event "BRA-ch U26"]
[Site "Cuiaba"]
[Date "2016.11.06"]
[Round "6"]
[White "Garcia, Gabriel Gonzaga"]
[Black "Moura de Lima, Wilian Rither De"]
[Result "0-1"]
[WhiteElo "2169"]
[BlackElo "2154"]
[PlyCount "108"]
[EventDate "2016.11.03"]
[EventType "swiss"]
[EventRounds "7"]
[EventCountry "BRA"]
[SourceTitle "CBM 175 Extra"]
[Source "ChessBase"]
[SourceDate "2016.12.12"]
[SourceVersion "1"]
[SourceVersionDate "2016.12.12"]
[SourceQuality "1"]

1. e4 c6 2. Nf3 d5 3. Nc3 Nf6 4. e5 Ne4 5. Bd3 Nc5 6. Be2 d4 7. Nb1 d3 8. cxd3 Nxd3+ 9. Bxd3 Qxd3 10. Qe2 Bf5 11. Nh4 Qxe2+ 12. Kxe2 Bg4+ 13. f3 Be6 14. d4 Bc4+ 15. Kf2 e6 16. Nd2 Bd5 17. Ne4 Be7 18. g3 Na6 19. a3 Rd8 20. Be3 0-0 21. Rhd1 Nc7 22. Ng2 Bb3 23. Rd3 Bc4 24. Rc3 Ba6 25. Nf4 Nb5 26. Rd3 b6 27. Rd2 Rd7 28. Rc1 Bb7 29. Nc3 Nc7 30. Ne4 Rfd8 31. Rdc2 Nb5 32. Ne2 Nc7 33. Nf4 h6 34. a4 Na6 35. h4 Nb4 36. Rd2 Ba6 37. Rc3 Bb7 38. a5 Nd5 39. Rb3 Bb4 40. Rc2 Nxe3 41. Kxe3 c5 42. dxc5 Bxe4 43. fxe4 Bxc5+ 44. Kf3 Rd1 45. axb6 axb6 46. h5 Rf1+ 47. Kg2 Rg1+ 48. Kf3 Rgd1 49. Rcc3 R1d2 50. Rd3 R8xd3+ 51. Nxd3 Bd4 52. Kf4 Rh2 53. Rb4 Bg1 54. g4 Rh3 0-1

[Event "BRA-ch U26"]
[Site "Cuiaba"]
[Date "2016.11.06"]
[Round "7"]
[White "Goncalves, Ivan Mesquita V"]
[Black "Moura de Lima, Wilian Rither De"]
[Result "1-0"]
[WhiteElo "2208"]
[BlackElo "2154"]
[PlyCount "64"]
[EventDate "2016.11.03"]
[EventType "swiss"]
[EventRounds "7"]
[EventCountry "BRA"]
[SourceTitle "CBM 175 Extra"]
[Source "ChessBase"]
[SourceDate "2016.12.12"]
[SourceVersion "1"]
[SourceVersionDate "2016.12.12"]
[SourceQuality "1"]

1. Nf3 c6 2. g3 d5 3. Bg2 Nf6 4. 0-0 Bg4 5. d3 e6 6. c4 h6 7. cxd5 exd5 8. Nc3 Be7 9. Nd4 Bc8 10. e4 dxe4 11. dxe4 0-0 12. e5 Ne8 13. Be3 Nc7 14. Qh5 Be6 15. Rad1 Qc8 16. h3 Rd8 17. Nxe6 Qxe6 18. Be4 Rxd1 19. Rxd1 Bf8 20. f4 g6 21. Qf3 Nba6 22. Kg2 Bg7 23. f5 gxf5 24. Bxf5 Qxe5 25. Bd4 Qxd4 26. Rxd4 Bxd4 27. Bd3 Rd8 28. Bc4 Ne6 29. Ne4 Nac5 30. Nxc5 Bxc5 31. Bxe6 fxe6 32. Qg4+ Kh7 1-0

[Event "Caioba Telecom op"]
[Site "Caioba"]
[Date "2016.08.28"]
[Round "5"]
[White "Moura de Lima, Wilian Rither De"]
[Black "Deste, Dayan Kuhn"]
[Result "1-0"]
[WhiteElo "2135"]
[BlackElo "1976"]
[PlyCount "85"]
[EventDate "2016.08.26"]
[EventType "swiss"]
[EventRounds "6"]
[EventCountry "BRA"]
[SourceTitle "CBM 174 Extra"]
[Source "ChessBase"]
[SourceDate "2016.10.10"]
[SourceVersion "1"]
[SourceVersionDate "2016.10.10"]
[SourceQuality "1"]

1. e4 c5 2. c3 d5 3. exd5 Qxd5 4. d4 e6 5. Nf3 Nf6 6. Be3 cxd4 7. cxd4 Bb4+ 8. Nc3 Qa5 9. Qc2 Nc6 10. Be2 0-0 11. 0-0 Bd7 12. a3 Bxc3 13. bxc3 e5 14. Bd3 Rac8 15. dxe5 Nxe5 16. Nxe5 Qxe5 17. Bd4 Qd6 18. Rfd1 h6 19. Bxf6 Qxf6 20. Bh7+ Kh8 21. Rxd7 g6 22. Bxg6 fxg6 23. Qd2 g5 24. Rb1 Rxc3 25. Rd6 Qg7 26. Rxh6+ Kg8 27. Qd5+ Rf7 28. Rh5 Qf6 29. Qxg5+ Kf8 30. Qxf6 Rxf6 31. h4 Rf7 32. Rhb5 Rxa3 33. Rxb7 a5 34. Rxf7+ Kxf7 35. Rb6 a4 36. Ra6 Ra2 37. g4 Kg7 38. h5 Kh7 39. g5 a3 40. Ra7+ Kh8 41. h6 Ra1+ 42. Kg2 a2 43. g6 1-0

[Event "Caioba Telecom op"]
[Site "Caioba"]
[Date "2016.08.27"]
[Round "4"]
[White "Reichert, Thiago da Cruz"]
[Black "Moura de Lima, Wilian Rither De"]
[Result "0-1"]
[WhiteElo "1980"]
[BlackElo "2135"]
[PlyCount "74"]
[EventDate "2016.08.26"]
[EventType "swiss"]
[EventRounds "6"]
[EventCountry "BRA"]
[SourceTitle "CBM 174 Extra"]
[Source "ChessBase"]
[SourceDate "2016.10.10"]
[SourceVersion "1"]
[SourceVersionDate "2016.10.10"]
[SourceQuality "1"]

1. d4 d5 2. c4 e6 3. e3 c6 4. Nf3 Bd6 5. Nc3 f5 6. Ne5 Nf6 7. f4 0-0 8. Be2 Nbd7 9. Bd2 Ne4 10. Nxe4 fxe4 11. Nxd7 Bxd7 12. Qb3 b6 13. 0-0-0 Qe7 14. h4 a5 15. Bc3 Rfb8 16. Qc2 Be8 17. g4 dxc4 18. f5 b5 19. Qxe4 Bf7 20. Be1 a4 21. a3 Bxa3 22. bxa3 Qxa3+ 23. Kb1 exf5 24. Qc2 Bd5 25. gxf5 Re8 26. Rh3 Be4 27. Bd3 cxd3 28. Qa2+ Qxa2+ 29. Kxa2 Bxf5 30. Rg3 Ra7 31. Bb4 Rf7 32. Rd2 Be4 33. Bd6 Rf6 34. Be5 Rg6 35. Rh3 Rg1 36. h5 Bd5+ 37. Kb2 b4 0-1

[Event "Caioba Telecom op"]
[Site "Caioba"]
[Date "2016.08.26"]
[Round "2"]
[White "Perondi, Rodolfo Antonio"]
[Black "Moura de Lima, Wilian Rither De"]
[Result "0-1"]
[WhiteElo "1874"]
[BlackElo "2135"]
[PlyCount "46"]
[EventDate "2016.08.26"]
[EventType "swiss"]
[EventRounds "6"]
[EventCountry "BRA"]
[SourceTitle "CBM 174 Extra"]
[Source "ChessBase"]
[SourceDate "2016.10.10"]
[SourceVersion "1"]
[SourceVersionDate "2016.10.10"]
[SourceQuality "1"]

1. e4 c6 2. Nf3 d5 3. Nc3 Bg4 4. h3 Bxf3 5. Qxf3 Nf6 6. e5 Nfd7 7. e6 fxe6 8. d4 e5 9. dxe5 Nxe5 10. Qh5+ Nf7 11. Bg5 g6 12. Qh4 Bg7 13. Bd2 Nd7 14. 0-0-0 0-0 15. Qg3 Nf6 16. Bd3 Qd6 17. Qh4 e5 18. f3 a5 19. g4 b5 20. Ne2 e4 21. Bf4 Qc5 22. fxe4 dxe4 23. g5 exd3 0-1

[Event "Registro Oliveira Memorial"]
[Site "Registro"]
[Date "2016.07.02"]
[Round "2"]
[White "Moura de Lima, Wilian Rither De"]
[Black "Schwertner, Joao Victor Moreir"]
[Result "1-0"]
[WhiteElo "2136"]
[BlackElo "1763"]
[PlyCount "99"]
[EventDate "2016.07.02"]
[EventType "swiss"]
[EventRounds "6"]
[EventCountry "BRA"]
[SourceTitle "EXT 2017"]
[Source "ChessBase"]
[SourceDate "2016.10.25"]
[SourceVersion "1"]
[SourceVersionDate "2016.10.25"]
[SourceQuality "1"]

1. e4 e5 2. Nf3 Nc6 3. d4 exd4 4. Nxd4 Qe7 5. Nc3 Nxd4 6. Qxd4 d6 7. Be2 Bd7 8. 0-0 Qe5 9. Qd3 Nf6 10. f4 Qe7 11. Be3 Bc6 12. Bf3 Qd7 13. b4 a6 14. a4 b6 15. b5 Bb7 16. Rfe1 Be7 17. Kh1 Ng4 18. Bg1 0-0 19. h3 Nh6 20. g4 f6 21. Nd5 Nf7 22. Qc4 Rfc8 23. Bd4 Bf8 24. Kg2 Bxd5 25. exd5 axb5 26. axb5 Re8 27. Rxa8 Rxa8 28. Be4 Ra5 29. Bd3 Nd8 30. Bc3 Ra3 31. Bb2 Ra5 32. Qe4 f5 33. gxf5 Kf7 34. Qe2 Kg8 35. Qe4 Qf7 36. Kh2 Nb7 37. f6 g6 38. f5 g5 39. Qg2 h6 40. Bd4 Ra4 41. Bb2 Nc5 42. Qf3 Rf4 43. Qg2 Nxd3 44. cxd3 Rxf5 45. Re6 Rf4 46. Qe2 Rb4 47. Bc3 Rxb5 48. Re7 Qxd5 49. Qh5 Kh8 50. Qg6 1-0

[Event "Registro Oliveira Memorial"]
[Site "Registro"]
[Date "2016.07.02"]
[Round "3"]
[White "Yanaguihara, Vitor Kioshi"]
[Black "Moura de Lima, Wilian Rither De"]
[Result "0-1"]
[WhiteElo "1858"]
[BlackElo "2136"]
[PlyCount "96"]
[EventDate "2016.07.02"]
[EventType "swiss"]
[EventRounds "6"]
[EventCountry "BRA"]
[SourceTitle "EXT 2017"]
[Source "ChessBase"]
[SourceDate "2016.10.25"]
[SourceVersion "1"]
[SourceVersionDate "2016.10.25"]
[SourceQuality "1"]

1. c4 c6 2. Nc3 d5 3. e3 Nf6 4. d4 g6 5. b3 Bg7 6. Bb2 0-0 7. Nf3 Bg4 8. h3 Bxf3 9. Qxf3 e6 10. Bd3 Nbd7 11. cxd5 exd5 12. 0-0 Qe7 13. Rfe1 Rfe8 14. Rac1 Nf8 15. Rc2 Ne6 16. Na4 Nd7 17. a3 Nxd4 18. Bxd4 Bxd4 19. b4 a6 20. Qd1 Bg7 21. Be2 Nf6 22. Nc5 Ne4 23. Nxe4 Qxe4 24. Bf3 Qe7 25. Qd3 Rad8 26. Rce2 Qd6 27. Rd1 Bf8 28. Qc2 Qe5 29. Red2 h5 30. Rd4 Bd6 31. Kf1 Qf6 32. a4 Be5 33. R4d3 Rc8 34. Qb3 Rb8 35. b5 a5 36. Rc1 Rec8 37. Rd2 d4 38. exd4 Bf4 39. Rcd1 Bxd2 40. Rxd2 Qf4 41. Qd3 cxb5 42. axb5 Rc1+ 43. Rd1 Rxd1+ 44. Qxd1 Rd8 45. Bxb7 Rxd4 46. Qe1 Qd6 47. Bf3 Rb4 48. Bc6 Qd3+ 0-1

[Event "Sao Bernardo do Campo LXSBC STD I"]
[Site "Sao Bernardo do Campo"]
[Date "2016.05.21"]
[Round "3.1"]
[White "Moura de Lima, Wilian Rither De"]
[Black "Ueti, Silvio Shigeo"]
[Result "1/2-1/2"]
[WhiteElo "2135"]
[BlackElo "2115"]
[PlyCount "63"]
[EventDate "2016.05.20"]
[EventType "swiss"]
[EventRounds "6"]
[EventCountry "BRA"]
[SourceTitle "EXT 2022"]
[Source "ChessBase"]
[SourceDate "2021.10.06"]
[SourceVersion "1"]
[SourceVersionDate "2021.10.06"]
[SourceQuality "1"]

1. e4 c5 2. c3 d5 3. exd5 Qxd5 4. d4 g6 5. Nf3 Bg7 6. Na3 cxd4 7. Bc4 Qe4+ 8. Be3 Nh6 9. Nb5 0-0 10. cxd4 Nc6 11. Nc3 Qf5 12. h3 e5 13. g4 Qd7 14. dxe5 Qe8 15. Qd2 Be6 16. Bxe6 fxe6 17. Bxh6 Rd8 18. Qg5 Bxh6 19. Qxh6 Rxf3 20. 0-0 Nxe5 21. Ne4 Nf7 22. Qh4 Qc6 23. Nf6+ Kg7 24. g5 h5 25. gxh6+ Kh8 26. Rad1 Rf8 27. Nd7 Rd8 28. Ne5 Nxe5 29. Rxd8+ Kh7 30. Rfd1 Rf7 31. Qg3 Nf3+ 32. Kf1 1/2-1/2

[Event "Sao Bernardo do Campo-ch"]
[Site "Sao Bernardo do Campo"]
[Date "2016.01.31"]
[Round "8"]
[White "Moura de Lima, Wilian Rither De"]
[Black "Gerbelli Neto, Eduardo"]
[Result "1/2-1/2"]
[WhiteElo "2127"]
[BlackElo "2173"]
[PlyCount "61"]
[EventDate "2016.01.23"]
[EventType "tourn"]
[EventRounds "9"]
[EventCountry "BRA"]
[SourceTitle "CBM 170 Extra"]
[Source "ChessBase"]
[SourceDate "2016.02.25"]
[SourceVersion "1"]
[SourceVersionDate "2016.02.25"]
[SourceQuality "1"]

1. e4 e5 2. Nf3 Nc6 3. d4 exd4 4. Nxd4 Bc5 5. Be3 Qf6 6. c3 Nge7 7. Bc4 Ne5 8. Be2 Qg6 9. 0-0 d6 10. f4 Qxe4 11. Bf2 Bxd4 12. cxd4 N5g6 13. g3 Bh3 14. Bf3 Qf5 15. Re1 d5 16. Qb3 0-0 17. Nc3 c6 18. Qxb7 Rab8 19. Qxa7 Rxb2 20. Rxe7 Qc2 21. Nd1 Nxe7 22. Nxb2 Qxb2 23. Re1 Nc8 24. Qc5 Bd7 25. Re2 Qb1+ 26. Kg2 Nb6 27. Re1 Qb2 28. Re2 Qb1 29. Qd6 Qd3 30. Re3 Bh3+ 31. Kxh3 1/2-1/2

[Event "Sao Bernardo do Campo-ch"]
[Site "Sao Bernardo do Campo"]
[Date "2016.01.30"]
[Round "6"]
[White "Moura de Lima, Wilian Rither De"]
[Black "Rodrigues, Leonardo De Miranda"]
[Result "1-0"]
[WhiteElo "2127"]
[BlackElo "2126"]
[PlyCount "55"]
[EventDate "2016.01.23"]
[EventType "tourn"]
[EventRounds "9"]
[EventCountry "BRA"]
[SourceTitle "CBM 170 Extra"]
[Source "ChessBase"]
[SourceDate "2016.02.25"]
[SourceVersion "1"]
[SourceVersionDate "2016.02.25"]
[SourceQuality "1"]

1. e4 d6 2. d4 Nf6 3. Nc3 g6 4. Be3 c6 5. Qd2 b5 6. a3 e5 7. 0-0-0 Nbd7 8. d5 cxd5 9. Nxd5 a6 10. Nxf6+ Qxf6 11. Bg5 Qe6 12. Qa5 f6 13. Be3 Rb8 14. g3 Be7 15. Kb1 0-0 16. h4 Bd8 17. Qd2 Bc7 18. h5 g5 19. Bh3 Qe7 20. Qd5+ Kh8 21. Qc6 Nc5 22. Bxc5 dxc5 23. Bxc8 Rfxc8 24. Ne2 Rb6 25. Qd7 Qxd7 26. Rxd7 Rd6 27. Rd1 Rd8 28. R1xd6 1-0

[Event "Sao Bernardo do Campo-ch"]
[Site "Sao Bernardo do Campo"]
[Date "2016.01.29"]
[Round "5"]
[White "Batista, Renato Luiz"]
[Black "Moura de Lima, Wilian Rither De"]
[Result "1-0"]
[WhiteElo "2117"]
[BlackElo "2127"]
[PlyCount "140"]
[EventDate "2016.01.23"]
[EventType "tourn"]
[EventRounds "9"]
[EventCountry "BRA"]
[SourceTitle "CBM 170 Extra"]
[Source "ChessBase"]
[SourceDate "2016.02.25"]
[SourceVersion "1"]
[SourceVersionDate "2016.02.25"]
[SourceQuality "1"]

1. d4 d5 2. c4 e6 3. Nc3 c6 4. Nf3 dxc4 5. a4 Bb4 6. e3 b5 7. Bd2 a5 8. axb5 Bxc3 9. Bxc3 cxb5 10. b3 Bb7 11. bxc4 b4 12. Bb2 Nf6 13. Bd3 Nbd7 14. 0-0 0-0 15. Nd2 Nc5 16. Bc2 Nce4 17. f3 Nxd2 18. Qxd2 Qc7 19. Rfc1 Rfd8 20. Qf2 Qe7 21. Qh4 h6 22. Ra2 Rdc8 23. Bb3 Bc6 24. c5 a4 25. Bc4 a3 26. Ba1 Bd5 27. Qe1 b3 28. Rd2 Bxc4 29. Rxc4 Rcb8 30. Qb1 b2 31. Bxb2 axb2 32. Rxb2 Rxb2 33. Qxb2 Qa7 34. e4 Qa1+ 35. Qxa1 Rxa1+ 36. Kf2 Kf8 37. Rb4 Ra7 38. Ke3 Ke7 39. Kd3 Rc7 40. Kc4 Ne8 41. Rb6 Kd7 42. Ra6 Nf6 43. d5 exd5+ 44. exd5 Rc8 45. h4 Ne8 46. Ra7+ Kd8 47. c6 Rc7 48. Ra2 Nd6+ 49. Kc5 Nb7+ 50. Kb6 Nd6 51. Ra8+ Nc8+ 52. Kc5 Ke7 53. Ra2 Ra7 54. d6+ Kd8 55. Rxa7 Nxa7 56. g4 g6 57. f4 h5 58. g5 Nc8 59. Kd5 Nb6+ 60. Kc5 Nc8 61. Kd5 Nb6+ 62. Kd4 Nc8 63. Ke5 Na7 64. Kf6 Nxc6 65. Kxf7 Kd7 66. Kxg6 Kxd6 67. Kxh5 Ke6 68. Kg4 Ne7 69. h5 Kf7 70. f5 Ng8 1-0

[Event "Sao Bernardo do Campo-ch"]
[Site "Sao Bernardo do Campo"]
[Date "2016.01.24"]
[Round "3"]
[White "Da Silva, Tiago Henrique"]
[Black "Moura de Lima, Wilian Rither De"]
[Result "1/2-1/2"]
[WhiteElo "2079"]
[BlackElo "2127"]
[PlyCount "33"]
[EventDate "2016.01.23"]
[EventType "tourn"]
[EventRounds "9"]
[EventCountry "BRA"]
[SourceTitle "CBM 170 Extra"]
[Source "ChessBase"]
[SourceDate "2016.02.25"]
[SourceVersion "1"]
[SourceVersionDate "2016.02.25"]
[SourceQuality "1"]

1. d4 d5 2. Nf3 c6 3. e3 Nf6 4. c4 g6 5. Nc3 Bg7 6. Bd3 0-0 7. h3 a6 8. a4 Be6 9. Ng5 Bf5 10. Bxf5 gxf5 11. Qb3 Qd7 12. a5 e6 13. Nf3 Qc7 14. 0-0 Ne4 15. Nd2 Nd7 16. f4 Nef6 17. Nde4 1/2-1/2

[Event "Sao Paulo op-B 3rd"]
[Site "Sao Paulo"]
[Date "2015.09.20"]
[Round "5"]
[White "Moura de Lima, Wilian Rither De"]
[Black "Deus Filho, Joaquim"]
[Result "0-1"]
[WhiteElo "1960"]
[BlackElo "1894"]
[PlyCount "124"]
[EventDate "2015.09.17"]
[EventType "swiss"]
[EventRounds "6"]
[EventCountry "BRA"]
[SourceTitle "EXT 2016"]
[Source "ChessBase"]
[SourceDate "2015.10.08"]
[SourceVersion "1"]
[SourceVersionDate "2015.10.08"]
[SourceQuality "1"]

1. e4 c5 2. c3 Qa5 3. Nf3 a6 4. Na3 b5 5. Nc2 d6 6. b4 Qc7 7. d4 Bb7 8. Qd3 c4 9. Qe3 Nf6 10. Nd2 g6 11. Be2 h5 12. Bf3 Bh6 13. Qe2 e5 14. d5 Nbd7 15. 0-0 Nb6 16. a4 Nxa4 17. Rxa4 bxa4 18. Nxc4 Bxc1 19. Rxc1 Bc8 20. N2a3 Bd7 21. Qe3 Ng4 22. Qb6 Qxb6 23. Nxb6 Rb8 24. Nxd7 Kxd7 25. Bd1 Rhc8 26. Bxa4+ Ke7 27. Bc6 Nf6 28. f3 Ne8 29. Nc4 Nc7 30. Na5 Rb6 31. Ra1 f5 32. Ba4 fxe4 33. fxe4 Nb5 34. Bxb5 axb5 35. Nc6+ Rbxc6 36. dxc6 Rxc6 37. Ra3 Rc4 38. Ra7+ Ke6 39. Rg7 Rxe4 40. Rxg6+ Kd5 41. Kf2 Rc4 42. Rg3 Rf4+ 43. Ke3 Kc4 44. Rg6 Kxc3 45. Rxd6 Kxb4 46. Re6 Rf5 47. h4 Kc4 48. Rc6+ Kd5 49. Rb6 Kc5 50. Re6 b4 51. g3 b3 52. Re8 Rf6 53. Rd8 b2 54. Rd1 Rb6 55. Rb1 Kd5 56. Rd1+ Ke6 57. Rb1 Rb4 58. Kf3 Kf5 59. Kg2 Kg4 60. Kh2 Rb3 61. Kg2 Rxg3+ 62. Kh2 Rb3 0-1